000
00277nam a22001217a 4500
008
170807b xxu||||| |||| 00| 0 eng d
041
_a
eng
080
_a
004
100
_a
34
101
_a
SHK
245
_a
MICROSOFT VISUAL BASIC 6.0 IN ACTION
_c
HALVORSON,M
942
_2
udc
_c
BK
999
_c
22838
_d
22838